W jakim polskim mieście to się znajduje? - Statystyki

Ogólne statystyki
  • Ten quiz został rozwiązany 30 razy
  • Średni wynik to 11 z 15
Statystyki odpowiedzi
Hint Odpowiedź % Poprawnych
Jasna Góra Częstochowa
100%
Kopiec Kościuszki Kraków
100%
Spodek Katowice
97%
Panorama Racławicka Wrocław
97%
Wielka Krokiew Zakopane
97%
Malta Poznań
93%
Centrum Nauki Kopernik Warszawa
93%
Opera Leśna Sopot
86%
Majdanek Lublin
83%
Zamek Książ Wałbrzych
66%
Góra Śnieżka Karpacz
55%
Pomnik Czynu Rewolucyjnego Rzeszów
48%
Wieża widokowa Dominanta Gorzów Wielkopolski
24%
Dolina Baryczy Milicz
17%
Krzywa Wieża Ząbkowice Śląskie
14%
Nie znaleziono quizów pasujących do podanych kryteriów
Rozkład punktacji
Procent ludzi z każdym wynikiem
Percentyl według liczby udzielonych odpowiedzi
Twoja historia wyników
Nie rozwiązałeś tego quizu